LEADER 01813nam a2200397 i 4500 001 991000945939707536 005 20020507104223.0 008 970430s1994 it ||| | eng 020 $a887794062X 035 $ab10151916-39ule_inst 035 $aLE00639563$9ExL 040 $aDip.to Fisica$bita 084 $a52.9.34 084 $a52.9.35 084 $a551.509989 084 $aQC869.4.A6 111 2 $aWorkshop Italian Research on antarctic atmosphere$0462017 245 14$a5th fifth Workshop Italian Research on antarctic atmosphere = 5? Workshop Ricerche italiane sull'atmosfera antartica :$bPorano, 19-21 October 1992 /$cItalian Physical Society ; edited by M. Colacino, G. Giovanelli and L. Stefanutti 260 $aBologna, Italy :$bItalian Physical Society,$c1994 300 $axiv, 369 p. :$bill. ;$c25 cm. 490 0 $aAtti di conferenze [Società Italiana di Fisica] = Conference Proceedings ;$v45 490 0 $aConference Proceedings [Italian Physical Society] = Atti di conferenze ;$v45 490 0 $aWorkshop "Italian Research on antarctic atmosphere" ;$v5 650 4$aAtmospheric physics - Antarctic regions - Research 700 1 $aColacino, M. 700 1 $aGiovanelli, G. 700 1 $aStefanutti, L. 700 1 $aStefanutti, L. 710 2 $aSocietà italiana di fisica 740 3 $a5? quinto Workshop Ricerche italiane sull'atmosfera antartica 907 $a.b10151916$b04-06-19$c27-06-02 912 $a991000945939707536 945 $aLE006 53(042+082.2) SIF$g1$i2006000067539$lle006$o-$pE0.00$q-$rl$s- $t0$u0$v0$w0$x0$y.i10182081$z27-06-02 996 $aFifth Workshop Italian Research on antarctic atmosphere = 5? Workshop Ricerche italiane sull'atmosfera antartica$9187880 997 $aUNISALENTO 998 $ale006$b01-01-97$cm$da $e-$feng$git $h4$i1 LEADER 01878nam 2200265la 450 001 9910481765603321 005 20221102155743.0 035 $a(UK-CbPIL)2090302966 035 $a(CKB)5500000000086215 035 $a(EXLCZ)995500000000086215 100 $a20221102d1698 uy | 101 0 $adut 135 $aurcn||||a|bb| 200 13$a'T Recht gebruyck van des Heeren Avondmael, soo voor als na de bedieninge-ebestaende in meditatien, gebeden en dankseggingen door C. Drelincourt, P. Du Moulin, en verscheyden andere gods-geleerden Item, De klachte van een swaermoedige ziele, over 't gebruyck van 't H. Avondmael, met een nevensgaende troost, door S. Simonides Als mede De nootsakel?kheyt des H. Avontmaels: neffens een bel?denisse des geloofs, voor die haer tot het selve willen begeven, door G. Udemans Noch is op nieuws hier by gevoegt: De reyze na Beth-El, het huys Gods .. 210 $aAmsterdam $cGerrit & Andries Schellingwouw$d1698 215 $aOnline resource (12°) 300 $aReproduction of original in Koninklijke Bibliotheek, Nationale bibliotheek van Nederland. 700 $aDrelincourt$b Charles$f1595-1669.$0933156 701 $aDumoulin$b Pierre$f1568-1658.$0183886 801 0$bUk-CbPIL 801 1$bUk-CbPIL 906 $aBOOK 912 $a9910481765603321 996 $aT Recht gebruyck van des Heeren Avondmael, soo voor als na de bedieninge-ebestaende in meditatien, gebeden en dankseggingen door C. Drelincourt, P. Du Moulin, en verscheyden andere gods-geleerden Item, De klachte van een swaermoedige ziele, over 't gebruyck van 't H. Avondmael, met een nevensgaende troost, door S. Simonides Als mede De nootsakel?kheyt des H. Avontmaels: neffens een bel?denisse des geloofs, voor die haer tot het selve willen begeven, door G. Udemans Noch is op nieuws hier by gevoegt: De reyze na Beth-El, het huys Gods .$92127457 997 $aUNINA